Meilleurs passeurs de ligue 1 - Statistiques

Statistiques générales
  • Ce quiz a été pris 51 fois
  • Le résultat moyen est 5 sur 15
Statistiques - réponses
Hint Réponse % Correct
11 Neymar
96%
16 Messi
93%
11 Bourigeaud
43%
9 Clauss
41%
10 Cabella
39%
8 Barcola
37%
6 Ben Yedder
30%
7 Golovin
28%
9 Sotoca
28%
7 Bamba
20%
7 Thomasson
15%
8 Van den Boomen
15%
9 Caio Henrique/Henrique
13%
6 Del Castillo
7%
6 Flips
7%
Aucun quiz correspondant
Distribution des résultats
% des personnes avec chaque résultat
Percentile par nombre de réponses
Votre historique - résultats
Vous n’avez pas pris ce quiz